Представление документа в формате RUSMARC

ПолеНазваниеЗначение
  Тип записи a
  Библиографический уровень m
001 Контрольный номер LIBNET\0001438255
005 Дата корректировки 20260630102729.2
010 Индекс ISBN __
a ISBN 978-5-227-10594-3
9 Тираж 1500 экз.
b Уточнения в пер.
100 Данные общей обработки __
a Данные общей обработки 20260526d2024 u y0rusy0189 ca
101 Язык документа 0_
a Язык текста rus
102 Страна публикации __
a Страна публикации RU
105 Кодированные данные (монография) __
a Кодированные данные (монография) y z 000yy
200 Заглавие и сведения об ответственности 1_
a Заглавие Исцеляющая сила растений
e Сведения, относящиеся к заглавию чудо-травы от всех болезней
f Первые сведения об ответственности Лора Мелик
203 Вид содержания и тип средства __
a Вид содержания Текст
b Характеристика содержания визуальный
c Тип средства непосредственный
210 Выходные данные 1_
a Место издания Москва
c Издательство Центрполиграф
d Дата издания 2024
215 Физическое описание __
a Объем 478, [1] с.
d Формат 21 см
225 Серия 1_
a Серия Советы чудо мастера
333 Примечание о целевом назначении __
a Примечание о целевом назначении 16+
606 Тематические рубрики 1_
a Основная рубрика Народная медицина
606 Тематические рубрики 1_
a Основная рубрика Фитотерапия
606 Тематические рубрики 1_
a Основная рубрика Лекарственные растения
610 Ключевые слова 0_
a Ключевые слова фитотерапия; лекарственные растения; народная медицина; натуральная косметика
686 Индексы других классификаций __
a Классификационный индекс 53.592
2 Код системы rubbk
686 Индексы других классификаций __
a Классификационный индекс 53.525
2 Код системы rubbk
686 Индексы других классификаций __
a Классификационный индекс 42.143
2 Код системы rubbk
700 Автор _1
a Фамилия Мелик
b Имя (инициалы) Л. Н.
g Полное личное имя Лариса Николаевна
801 Источник записи _0
a Страна RU
b Организация Липецкая ОУНБ
c Дата составления 20241120
g Правила каталогизации bzbo
801 Источник записи _1
a Страна RU
b Организация Липецкая ОУНБ
c Дата составления 20241120
g Правила каталогизации rcr
2 Код формата rusmarc
801 Источник записи _2
a Страна RU
b Организация Ульяновская ОНБ
c Дата составления 20260526
g Правила каталогизации RCR
900 Электронные ресурсы __
a Имя электронного ресурса цп20260175
900 Электронные ресурсы __
a Имя электронного ресурса цп20260176
901 Тип документа __
t Тип документа m
909 Создатель записи __
a Создатель записи Егорова Э. А.
b Дата создания записи 20260526
910 Корректоры записи __
a Корректор записи Пряхина
b Дата внесения изменения в запись 20260630